| 000 -CABECERA |
| Longitud fija campo de control |
00525nam a2200145 a 4500 |
| 001 - NÚMERO DE CONTROL |
| Número de control |
99 |
| 003 - IDENTIFICADOR DEL NÚMERO DE CONTROL |
| Identificador del número de control |
CDMR |
| 005 - FECHA Y HORA DE LA ÚLTIMA TRANSACCIÓN |
| Fecha y hora de la última transacción |
20130116135150.0 |
| 008 - CÓDIGOS DE INFORMACIÓN DE LONGITUD FIJA |
| Códigos de información de longitud fija |
130130s2001||||||||||||||||||||||||||||d |
| 040 ## - FUENTE DE LA CATALOGACIÓN |
| Centro catalogador de origen |
CDMR |
| Lengua de catalogación |
cat |
| Centro transcriptor |
CPC GIRONA |
| 100 1# - PUNTO DE ACCESO PRINCIPAL-NOMBRE DE PERSONA |
| Nombre de persona |
Graells, Jordi |
| 9 (RLIN) |
96 |
| 245 10 - MENCIÓN DE TÍTULO |
| Título |
Administració, societat, llengua i Internet |
| Resto del título |
Conèixer els serveis i recursos actuals d'Internet a partir d'un estudi sobre la presència de la llengua catalana a la Xarxa |
| Mención de responsabilidad, etc. |
Graells, Jordi , Vives, Núria |
| 260 ## - PUBLICACIÓN, DISTRIBUCIÓN, ETC. (PIE DE IMPRENTA) |
| Fecha de publicación, distribución, etc. |
2001 |
| Nombre del editor, distribuidor, etc. |
Generalitat de Catalunya |
| 942 ## - ENTRADA DE ELEMENTOS AGREGADOS (KOHA) |
| Koha [por defecto] tipo de item |
Monografies |